Teams of World Cup Winning Players - Statistics

General Stats
  • This quiz has been taken 165 times
    105 since last reset
  • The average score is 45 of 120
Answer Stats
Year Team % Correct
2018,2022 Manchester City
94%
1966,1998,2014,2018 Chelsea
90%
1966,2018,2022 Manchester United
88%
1974,1986,1998,2002,2010,2014,2018 Real Madrid
88%
1994,2002,2010,2018 Barcelona
86%
1934,1938,1982,1990,1998,2002,2006,2022 Ambrosiana-Inter/Internazionale
84%
1966,2010 Liverpool
84%
1994,1998,2002,2018,2022 Paris Saint-Germain
84%
1966,1998,2010,2014 Arsenal
83%
1934,1938,1982,1998,2006,2018,2022 Juventus
83%
1934,1982,1998,2002,2006 A.C. Milan
81%
1954,1990,2014 Borussia Dortmund
80%
1954,1974,1990,1998,2014,2018 Bayern Munich
78%
1934,1938,1982,1990,1998,2002,2006,2022 A.S. Roma
77%
2018,2022 Atlético Madrid
77%
2022 Aston Villa
76%
1958,1962,1970 Santos
73%
2010,2018,2022 Sevilla
73%
2002,2018,2022 Lyon
72%
1998,2018 Marseille
72%
1934,1986 Napoli
72%
2022 Benfica
71%
1934,1938,2006,2014 S.S. Lazio
71%
1978,2022 Club Atlético River Plate
70%
1950 River Plate Montevideo
70%
1966 West Ham United
70%
1966,2018,2022 Tottenham Hotspur
69%
1986 Boca Juniors
67%
1934,1982,1986,2006 Fiorentina
67%
1978,2010 Valencia
64%
1994,2002,2022 Bayer Leverkusen
58%
1966 Everton
56%
1974,2014 Borussia Mönchengladbach
53%
2022 Brighton & Hove Albion
52%
1966 Leeds United
51%
1958,1970,1990,2002 Flamengo
50%
1982 Torino
50%
1998,2014 Sampdoria
48%
1966 Leicester City
47%
1954,1974,2014 FC Schalke 04
45%
1954,1974,1990 Eintracht Frankfurt
44%
1954 FSV Frankfurt
44%
1938 Genoa
44%
1934,1938 Bologna
43%
2002,2022 Real Betis
43%
1958,1970,1990,2002 Corinthians
42%
1958,1962,1970,1990,2002 Palmeiras
42%
1990,2018 VfB Stuttgart
42%
1998,2002 Parma
41%
1958,1962,1970,1990,2002 São Paulo
41%
2010,2022 Villarreal
41%
1966 Wolverhampton Wanderers
41%
1954,1974,1990 1. FC Köln
40%
1970,2002 Grêmio
40%
1966 Southampton
40%
1974,1990 Werder Bremen
40%
1994 Bordeaux
38%
1966 Fulham
37%
1930,1950 Nacional
37%
1982,2006 Udinese
37%
1958,1962,1970,1990 Fluminense
36%
1930,1950 Peñarol
36%
2010 Athletic Bilbao
35%
2006 Palermo
35%
1958,1962,1970 Botafogo
34%
1930 Racing Club de Montevideo
33%
1978,1986 Independiente
31%
1994 Deportivo La Coruña
29%
1954 1. FC Kaiserslautern
27%
1982 Cagliari
27%
1986 Nantes
27%
1966 Sheffield Wednesday
27%
1978,1986 Newell's Old Boys
24%
1970,2002 Atlético Mineiro
23%
2014 Hannover 96
23%
1986 Estudiantes La Plata
21%
1954,1974 Fortuna Düsseldorf
21%
2014 SC Freiburg
21%
1970,1990,2002 Cruzeiro
20%
1954 Hamburger SV
20%
1978 San Lorenzo
19%
1958,1990 Vasco da Gama
19%
1966 Blackpool
17%
1986 Vélez Sársfield
16%
1998 Auxerre
15%
1954 BC Augsburg
13%
1986 América
12%
1986 Lecce
12%
2006 Livorno
10%
1986 Argentinos Juniors
9%
1978 Huracán
9%
1998 Metz
9%
1954 Rot-Weiss Essen
9%
1998,2018 A.S. Monaco
8%
2022 Atlanta United
7%
1950 Danubio
7%
1986 Elche
7%
1938 Pisa
7%
1986 Ferro Carril Oeste
6%
1930 Montevideo Wanderers
6%
1930 Olimpia
6%
1978 Racing Club de Avellaneda
6%
1938 Triestina
6%
1930 Bella Vista
5%
1930 Miramar Misiones
5%
1954 SpVgg Fürth
5%
2002 Atlético Paranaense
3%
1950 Cerro
3%
1958,1962,1970 Portuguesa
3%
1930,1950 Rampla Juniors
3%
1994 Reggiana
3%
1978 Talleres de Córdoba
3%
1954,1990 1. FC Nürnberg
2%
1958,1962 Bangu
2%
1986 Deportivo Español
2%
1938 Lucchese
2%
1950 Central Español
1%
1954 FK Pirmasens
1%
1954 KSV Hessen Kassel
1%
1994 Shimizu S-Pulse
1%
No matching quizzes found
Score Distribution
Percent of People with Each Score
Percentile by Number Answered
Your Score History
You have not taken this quiz since the last reset